00735nam a22001937a 4500003000900000005001700009008003100026040002200057082002200079100003700101245012400138260004600262300002600308600007200334650002200406650002600428650002500454700006200479DO-SdBNP20220712101321.0151210b mx 1985 00| 0 spa d aBPMSUbspacBPMSU 2863.3 aC419db221 a Gómez Gómez, Víctor Juan 10aDon Quijote de la Mancha /cMiguel de Cervantes Saavedra, síntesis y adaptación por Víctor Juan Gómez Gómez  aMéxico :bGómez Gómez Hnos.,c1985. a95 p. :bil.,c18 cm.14aCervantes Saavedra, Miguel de d1547-1616tDon Quijote de la Mancha 4aNovela española 4aLiteratura española 4aNovela de aventuras 1 aCervantes Saavedra, Miguel de tDon Quijote de la Mancha